Pays d'Amérique de l'hémisphère sud. - Statistiques

Statistiques générales
  • Ce quiz a été pris 56 fois
  • Le résultat moyen est 8 sur 9
Statistiques - réponses
Réponses % Correct
Argentine
92%
Brésil
91%
Chili
91%
Uruguay
85%
Bolivie
83%
Colombie
83%
Pérou
83%
Paraguay
81%
Équateur
79%
Aucun quiz correspondant
Distribution des résultats
% des personnes avec chaque résultat
Percentile par nombre de réponses
Votre historique - résultats
Vous n’avez pas pris ce quiz